000 00502nam a2200181Ia 4500
008 090124s9999 xx 000 0 und d
082 _b36780
100 _aसोमण मंजूषा
245 _a रणांगण
250 _a1
260 _bतनुजा प्रकाशन
_c1999
300 _a80
600 _aसोमण मंजूषा
630 _a रणांगण
700 _aसोमण मंजूषा
730 _a रणांगण
942 _cBOOK
999 _c102772
_d102772